Hindustani Musawwari(ahad-E-Mughliya Mein) (Record no. 14635)

MARC details
000 -LEADER
fixed length control field 00587nam a2200229 a 4500
020 ## - INTERNATIONAL STANDARD BOOK NUMBER
ISBN
082 00 - DEWEY DECIMAL CLASSIFICATION NUMBER
Classification number 759.954
Author Cutter BRO
100 ## - MAIN ENTRY--AUTHOR NAME
Author name Brown, Percy
245 ## - TITLE STATEMENT
Title Hindustani Musawwari(ahad-E-Mughliya Mein)
260 ## - PUBLICATION, DISTRIBUTION, ETC. (IMPRINT)
Place of publication New Delhi
Name of publisher Qaumi Council Barai Taraqi-E-Urdu Lang
Year of publication 1998
300 ## - PHYSICAL DESCRIPTION
Number of Pages 256p
500 ## - GENERAL NOTE
General note includes index and biblioraphy
505 2# - FORMATTED CONTENTS NOTE
Formatted contents note Bibliography
650 ## - SUBJECT ADDED ENTRY--TOPICAL TERM
Topical Term Painting-Mughal
942 ## - ADDED ENTRY ELEMENTS (KOHA)
Koha item type Books
Holdings
Collection code Home library Current library Date acquired Cost, normal purchase price Full call number Accession Number Koha item type
  Henry Martyn Institute Library Henry Martyn Institute Library 06/13/2007 158.00 759.954 BRO 021091 Books
                   Copyright © 2026 | Henry Martyn Institute | Hyderabad | TS-500052 | INDIA | Implemented by hmi.edu.in
Hit-Count:

Powered by Koha